Normal view
MARC view
Entry Personal Name
001 - CONTROL NUMBER
- control field: 5188
003 - CONTROL NUMBER IDENTIFIER
- control field: BD-RjUL
005 - DATE AND TIME OF LATEST TRANSACTION
- control field: 20221011130340.0
008 - FIXED-LENGTH DATA ELEMENTS
- fixed length control field: 221011|| aca||aabn | a|a d
040 ## - CATALOGING SOURCE
- Original cataloging agency: BD-RjUL
- Transcribing agency: BD-RjUL
100 ## - HEADING--PERSONAL NAME
- Personal name: Elias, Akhteruzzaman
- Dates associated with a name: 1943-1997 A. D.
- General subdivision: Inerpretation and Criticism
670 ## - SOURCE DATA FOUND
- Source citation: Work cat.: (BD-RjUL)80446: ডিনা, মোছা. সরিফা সালোয়া 5031, হাসান আজিজুল হক ও আখতারুজ্জামান ইলিয়াসের গল্প :, ২০০৩